| 000 | 01898cam a22002415 4500 | ||
|---|---|---|---|
| 001 | L155704 | ||
| 008 | 120403s2009 d s 000 0 eng u | ||
| 035 | _a(Sirsi) u155704 | ||
| 041 | 0 | _aeng | |
| 110 | 2 |
_aRoyal Institution of Chartered Surveyors _94900 |
|
| 245 | 0 | 0 |
_aContracts in use _ba survey of building contracts in use during 2007 _h[electronic resource] |
| 250 | _a11th ed. | ||
| 260 |
_aLondon _bRICS _c2009 |
||
| 300 |
_a39 p. _ill. $3 0 cm. |
||
| 490 | 0 |
_aContracts in Use _v2009 |
|
| 505 | 0 | _aIntroduction -- Contents -- Executive Summary -- The Survey -- Response -- Analysis of returns -- Standard forms of contract -- JCT Forms -- ICE Forms -- NEC Family of Contracts -- GC/Works Contracts -- PC/Works Forms -- Association of Consultant Architects -- Other Standard Forms of Contract -- Non-Standard Forms -- Additional contract provisions -- Procurement Methods -- Bills of Quantities -- Specification and Drawings / Activity Schedules -- Design and build procurement -- Target Contracts -- Prime Cost Contracts -- Management Contracts -- Construction Management -- Partnering -- Appendix 1 Survey questionnaire -- Appendix 2 The distribution of contracts in use | |
| 520 | _aThis RICS Contract in Use Survey - the 11th we have undertaken - is the single most authoritative survey of construction contracts used in the UK market. However, publishing the results of a survey taken during relative boom years of 2007 during a recession makes interesting reading: it tells us what was happening in a year in a boom period but it also fits in with the evidence of previous years' surveys and this helps point the way to a likely future. | ||
| 521 | _aAdvanced | ||
| 651 | 4 |
_aUnited Kingdom _y |
|
| 690 |
_aContracts _96232 |
||
| 856 | 4 | 8 |
_uhttps://www.rics.org/Global/Downloads/RICS_Contracts_in_use_6__2_.pdf _zView this guidance note for free at www.rics.org |
| 942 | _n0 | ||
| 999 |
_c113770 _d113770 |
||